| 000 | 006760000a22001930004500 | ||
|---|---|---|---|
| 090 |
_aAR _b02284 |
||
| 245 | 1 | 0 | _aEstudio morfológico y alguna características fenológicas de diferentes tipos de ají de una colección de germoplasma del Valle medio del Sinú |
| 650 | 1 | 4 |
_aVegetación _992799 |
| 650 | 1 | 4 |
_aMorfología vegetal _918295 |
| 650 | 1 | 4 |
_aAgronomía _995154 |
| 650 | 1 | 4 |
_aEspecies de interés comercial _995806 |
| 651 | 4 |
_dCórdoba _pColombia _992749 |
|
| 653 |
_gCapsicum _vají |
||
| 041 | 0 | _aEspañol | |
| 700 | 1 |
_aRamírez Barreto, Carmelo Miguel _995807 |
|
| 100 | 1 |
_aPastrana, José Joaquín _995808 |
|
| 942 | _cARTICULO | ||
| 773 | 1 |
_tTesis _3103 _q1-16 _d1995 |
|
| 999 |
_c11356 _d11356 |
||